header

A second domesday? (Record no. 11567)

MARC details
000 -LEADER
fixed length control field 01289nam a2200325 a 4500
082 04 - DEWEY DECIMAL CLASSIFICATION NUMBER
Classification number 941.03/5
100 1# - MAIN ENTRY--AUTHOR NAME
Personal name Raban, Sandra.
245 12 - TITLE STATEMENT
Title A second domesday?
260 ## - PUBLICATION, DISTRIBUTION, ETC. (IMPRINT)
Place of publication Oxford ;
-- New York :
Name of publisher Oxford University Press,
Year of publication c2004.
300 ## - PHYSICAL DESCRIPTION
Number of Pages vi, 229 p. :
Other physical details maps.
650 #0 - SUBJECT ADDED ENTRY--TOPICAL TERM
Topical Term Land tenure
856 40 - ELECTRONIC LOCATION AND ACCESS
Uniform Resource Identifier http://site.ebrary.com/lib/rucke/Doc?id=10263704

No items available.

© 2026 Rongo University
Contact us: librarian | system librarian | Rongo university